000
00316nam a2200157Ia 4500
100
_a
Jassawalla/ J.M.
650
_a
General
942
_c
BK
654
_a
Vegetariarusm
245
_a
Vegetariarusm
260
_b
Somaiya pub.
_c
1985
082
_a
179.3
_b
JUS
300
_a
116
546
_a
ENGLISH
999
_c
20775
_d
20775